[Event "22nd OIBM 2018"]
[Site "Gmund am Tegernsee"]
[Date "2018.10.31"]
[Round "5"]
[White "Firouzja, Alireza"]
[Black "Schnepp, Gunnar"]
[Result "1-0"]
[WhiteElo "2600"]
[BlackElo "2320"]
[Annotator "TA"]
[PlyCount "67"]
[EventDate "2018.10.27"]
[EventType "swiss"]
[EventCountry "GER"]
[SourceTitle "playchess.com"]
[Source "ChessBase"]
[SourceQuality "1"]

{[%evp 18,67,35,30,75,79,100,101,97,107,107,96,100,112,195,164,232,139,166,121,235,229,393,380,469,496,562,555,531,562,775,635,600,556,507,493,486,474,468,445,720,712,702,702,699,695,1162,1150,1042,683,1157,732]} 1. d4 Nf6 2. c4 c5 3. d5 b5 4. cxb5 a6 5. e3 g6 6. Nc3 Bg7 7. a4 O-O 8. Nf3 Bb7 9. Ra3 axb5 {A57: Wolga/Benkö-Gambit} 10. Bxb5 {LiveBook: 9 Partien} Na6 $146 ({Vorgänger:} 10... e6 11. e4 exd5 12. exd5 Re8+ 13. Be3 Ng4 14. O-O Rxe3 15. fxe3 Nxe3 16. Qd2 Nxf1 17. Kxf1 {½-½ (41) Dambacher,M (2480)-Jarmula,L (2466) Germany 2016}) 11. O-O Nb4 {[%cal Rb4d5] Weiß steht besser.} 12. e4 e6 {[%cal Re6d5]} 13. Bg5 {Droht e5 und aus.} h6 14. Be3 Rc8 {[%cal Re6d5] [#]} 15. dxe6 $1 fxe6 (15... dxe6 $16 16. Nd2 Qe7) 16. Ne5 $18 d5 (16... Nxe4 {war einen Versuch wert.} 17. Nxg6 (17. Nxd7 Rf7 $18) 17... Rf7) 17. exd5 ({Lieber} 17. Nxg6 $18 Rf7 18. Ne5) 17... Nfxd5 $16 18. Nxd5 Nxd5 (18... Qxd5 $16 {war nötig.} 19. Qxd5 Bxd5) 19. Nxg6 Rf5 $2 (19... Nxe3 20. Rxe3 Qxd1 21. Rxd1 Rcd8) 20. Bc1 $18 c4 21. Rg3 {Weiß steht klar auf Gewinn.} Qf6 22. Qe2 c3 23. Bd7 Kf7 24. Bxc8 Bxc8 25. bxc3 Nxc3 26. Qc4 Qd4 27. Qc7+ ({Jedoch nicht} 27. Qxc8 Ne2+ 28. Kh1 Nxg3+ 29. hxg3 Kxg6 $18) 27... Bd7 {beabsichtigt ...Se2+.} 28. Rxc3 Kxg6 (28... Qxc3 $142 29. Qxd7+ Kxg6 30. Qxe6+ Qf6) 29. Rg3+ Kh7 {[#]} 30. Bb2 $1 Qxb2 31. Qxd7 Qe5 {[#]} 32. a5 $1 Qd4 (32... Qxa5 33. Qxg7#) 33. Qxe6 Rf6 34. Qg4 {Precision: Weiß = 82%, Schwarz = 38%.} 1-0

[Event "22nd OIBM 2018"]
[Site "Gmund am Tegernsee"]
[Date "2018.10.31"]
[Round "5"]
[White "Gopal G.N."]
[Black "Milov, Leonid"]
[Result "1-0"]
[WhiteElo "2578"]
[BlackElo "2481"]
[Annotator "TA"]
[PlyCount "75"]
[EventDate "2018.10.27"]
[EventType "swiss"]
[EventCountry "GER"]
[SourceTitle "playchess.com"]
[Source "ChessBase"]
[SourceQuality "1"]

{[%evp 37,75,21,41,55,54,24,31,0,53,54,51,50,59,41,51,41,126,120,117,110,116,120,131,132,166,161,284,293,285,278,318,246,375,396,554,580,586,586,581,577]} 1. e4 {CB} c5 2. Nf3 e6 3. d4 cxd4 4. Nxd4 Nc6 5. Nc3 Qc7 6. Be2 a6 7. O-O Nf6 8. Be3 Be7 9. f4 d6 10. Qe1 O-O 11. Kh1 Nxd4 12. Bxd4 b5 13. Qg3 Bb7 14. a3 {[%cal Ba2a3,Ba3a4][%mdl 32]} Rad8 15. Rae1 {B85: Sizilianisch (Scheveninger System)} Rd7 16. Bd3 Re8 17. a4 b4 18. Na2 {[%cal Bc3a2,Ba2c1,Bc1b3,Bb3a5][%mdl 32]} Qa5 19. Nc1 Qh5 {LiveBook: 7 Partien} 20. Nb3 Qg4 21. Qf2 Qh5 22. Qg3 Qg4 23. Qxg4 Nxg4 {[#]} 24. Na5 $146 Ra8 25. Be2 Nf6 26. Bf3 Rc8 (26... Ne8 $1 $14) 27. Nxb7 $16 Rxb7 {[#]} 28. e5 $1 $36 {[%mdl 2048] Weiss ist am Drücker.} Nd5 29. exd6 Bxd6 {[#]} 30. f5 $1 {[%cal Rf5e6][%mdl 512]} Re7 (30... exf5 31. Bxd5) 31. fxe6 Nc7 (31... Nf6 $142 32. exf7+ Kxf7 33. Bh5+ Kg8) 32. exf7+ $18 Rxf7 33. g3 Rd8 34. c3 Bf8 (34... Rdd7 $142 35. Be2 Kf8 36. Rxf7+ Kxf7 37. Bc4+ Kf8) 35. Be2 Rxf1+ 36. Rxf1 {Weiß steht klar auf Gewinn.} bxc3 37. Bc4+ Kh8 38. bxc3 {Precision: Weiß = 74%, Schwarz = 36%.} 1-0

[Event "22nd OIBM 2018"]
[Site "Gmund am Tegernsee"]
[Date "2018.10.31"]
[Round "5"]
[White "Santos Latasa, Jaime"]
[Black "Sanal, Vahap"]
[Result "1-0"]
[WhiteElo "2572"]
[BlackElo "2487"]
[Annotator "TA"]
[PlyCount "91"]
[EventDate "2018.10.27"]
[EventType "swiss"]
[EventCountry "GER"]
[SourceTitle "playchess.com"]
[Source "ChessBase"]
[SourceQuality "1"]

{[%evp 18,91,23,27,55,48,48,39,79,48,94,86,93,85,73,83,87,83,89,76,82,73,73,70,84,62,74,59,71,8,27,23,33,31,49,7,54,56,47,41,33,31,195,183,169,187,158,81,152,175,118,104,200,187,668,661,651,650,702,702,684,626,873,843,842,802,1338,1327,1312,1317,29966,29967,29962,29965,29963,29964]} 1. d4 Nf6 2. c4 e6 3. Nc3 Bb4 4. Qc2 b6 5. e4 c5 6. d5 {E32: Nimzoindisch (4.Dc2)} Qe7 (6... exd5 7. exd5 Qe7+ 8. Nge2 O-O 9. Bd2 d6 10. O-O-O Ng4 11. Be1 Nd7 12. Ng3 Ndf6 13. h3 Ne5 {1-0 (35) Zhou,J (2597)-Wei,Y (2743) Shenzhen 2017}) 7. Be2 exd5 8. exd5 d6 9. Nf3 O-O 10. Be3 {LiveBook: 9 Partien} Nbd7 $146 ({Vorgänger:} 10... Ba6 11. O-O Bxc3 12. Qxc3 Ng4 13. Rfe1 Nxe3 {1-0 (35) Nabaty,T (2640)-Van Foreest,L (2489) Zalakaros 2017}) 11. O-O Ne5 12. h3 Re8 13. Rfe1 Qd7 14. Nxe5 dxe5 15. a3 Bxc3 16. Qxc3 Ne4 17. Qc2 Nd6 18. b4 Qc7 19. bxc5 bxc5 20. Bd3 h6 21. Bd2 Bd7 22. Bc3 f6 23. Re3 ({Günstiger ist} 23. f3 $16) 23... Qc8 24. g4 $36 {[%mdl 2048] Schwarz steht unter Druck.} Qa6 25. a4 Rab8 26. Kh2 Kh8 27. f3 Qb7 28. Ra3 Qc7 {[#] Und weiter mit ...e4 wäre nett.} 29. Kg2 Rb4 $2 (29... Bc8 $14) 30. Bxb4 $18 cxb4 31. Ra1 Qc5 {[#]} 32. Rae1 (32. Ree1 $142 $1) 32... Rb8 (32... a5 $142) 33. f4 $16 b3 34. Qe2 b2 (34... Rb4 $16) 35. Rb1 $18 Qd4 $2 (35... Rb3) 36. fxe5 fxe5 37. Rxe5 Rb3 38. Re3 Bxa4 39. Rf3 {[%cal Rf3f8]} Rxd3 40. Rxd3 Qxc4 41. Rxb2 Be8 42. Rb8 Kh7 43. Rd2 Qf4 44. Rxe8 {Weiß setzt Matt.} Nxe8 45. Qd3+ Kh8 46. d6 {Precision: Weiß = 67%, Schwarz = 39%.} 1-0

[Event "22nd OIBM 2018"]
[Site "Gmund am Tegernsee"]
[Date "2018.10.31"]
[Round "5"]
[White "Martinovic, Sasa"]
[Black "Welling, Gerard"]
[Result "1-0"]
[WhiteElo "2555"]
[BlackElo "2297"]
[Annotator "TA"]
[PlyCount "71"]
[EventDate "2018.10.27"]
[EventType "swiss"]
[EventCountry "GER"]
[SourceTitle "playchess.com"]
[Source "ChessBase"]
[SourceQuality "1"]

{[%evp 15,71,50,66,43,65,54,63,33,66,61,88,52,75,52,76,50,53,67,62,75,93,16,85,15,0,0,7,0,66,25,27,5,11,6,5,6,39,40,41,16,30,33,34,0,56,57,73,65,69,89,240,248,238,239,228,235,509,521]} 1. Nf3 d6 2. d4 g6 3. g3 Bg7 4. Bg2 Nd7 5. O-O e5 6. c4 Nh6 7. Nc3 O-O 8. e4 f6 {LiveBook: 19 Games. A41: 1 d4 d6: Tartakower System and Modern Defence} (8... c6 9. h3 f5 10. Bg5 Qe8 11. Qd2 Nf7 12. Be3 fxe4 13. Nxe4 d5 14. cxd5 cxd5 15. Nc3 e4 16. Ne5 Nb6 17. f4 {½-½ (38) Drasko,M (2446)-Kadric,D (2535) Sarajevo 2017}) 9. Re1 Nf7 10. Be3 Re8 {White is slightly better.} 11. Qc2 c6 12. Rad1 Qc7 13. Re2 $146 ({Predecessor:} 13. b4 Nf8 14. d5 f5 15. c5 fxe4 {½-½ (15) Castagna,R (2230)-Arapovic,V (2385) Biel 1990}) 13... Nf8 14. Red2 Bg4 15. h3 Bxf3 16. Bxf3 Bh6 17. Bxh6 Nxh6 18. b4 ({White should try} 18. d5 $16) 18... Nf7 (18... Ne6 $11) 19. Qb3 ({Better is} 19. d5 $16) 19... a5 $11 {Hoping for ...axb4.} 20. a3 axb4 21. axb4 Kg7 (21... Ne6 $11 22. dxe5 fxe5) 22. h4 Ne6 23. Ne2 (23. dxe5 {is more complex.} fxe5 24. Ne2 c5 25. bxc5 Nxc5 26. Qb2) 23... Nxd4 24. Nxd4 exd4 25. Rxd4 Rad8 26. Bg2 Qe7 27. Qc3 Qe5 28. f4 Qe7 29. g4 Kg8 (29... g5 $11) 30. g5 $1 $14 fxg5 31. hxg5 h6 32. gxh6 Qh4 $2 (32... Qf8 $16) 33. Rxd6 $1 $18 {[%csl Gh6][%cal Rc3g7]} Qxh6 34. Rxd8 Nxd8 {[#]} 35. Qf6 $1 Ne6 $2 (35... Qg7 {was necessary.} 36. Qxg7+ Kxg7 37. Rd7+ Kf8) 36. Rd7 {Precision: White = 30%, Black = 41%.} 1-0

[Event "22nd OIBM 2018"]
[Site "Gmund am Tegernsee"]
[Date "2018.10.31"]
[Round "5"]
[White "Kulaots, Kaido"]
[Black "Zude, Arno"]
[Result "1/2-1/2"]
[WhiteElo "2546"]
[BlackElo "2349"]
[Annotator "TA"]
[PlyCount "148"]
[EventDate "2018.10.27"]
[EventType "swiss"]
[EventCountry "GER"]
[SourceTitle "playchess.com"]
[Source "ChessBase"]
[SourceQuality "1"]

{[%evp 19,148,10,0,11,10,0,17,14,23,21,25,25,21,18,13,0,0,0,0,0,0,5,7,0,0,-14,10,0,0,0,1,-9,0,0,25,14,46,47,59,31,36,29,34,30,113,114,104,97,105,106,114,97,211,27,35,6,35,8,16,8,8,8,8,8,11,8,36,8,30,8,36,8,8,8,8,8,8,8,30,29,30,30,30,0,30,0,30,0,30,30,30,30,30,16,205,0,179,112,112,112,112,50,112,112,112,0,0,0,0,0,0,0,0,0,0,0,0,0,0,0,0,0,0,0,0,0,0,0,0,0,0]} 1. c4 e6 2. Nf3 Nf6 3. g3 d5 4. Bg2 dxc4 5. Qa4+ Bd7 6. Qxc4 {A13: English Opening: 1...e6} c5 7. Ne5 Qc8 8. Qd3 Nc6 9. Nxd7 Nxd7 10. Nc3 Be7 {LiveBook: 11 Games} 11. b3 O-O 12. Bb2 Nb4 $146 ({Predecessor:} 12... Rd8 13. Rc1 Nf6 {½-½ (57) Giri,A (2782)-Wojtaszek,R (2733) Dortmund 2018}) 13. Qb1 Nf6 14. O-O Qd7 15. Rd1 Rac8 16. a3 Nc6 17. b4 cxb4 18. axb4 Bxb4 19. Ne4 Nxe4 20. Bxe4 g6 21. Bxc6 bxc6 22. Qe4 Rb8 23. Qf4 $36 {[%mdl 2048] Threatening mate with Qf6. Black is under pressure.} Be7 24. Bc3 f6 25. Ra4 Rb7 26. Rda1 Rc8 27. Qe3 {Black should prevent Rd4.} ({Avoid the trap} 27. Bxf6 $2 Rf8 $17) 27... c5 {[#]} 28. Rxa7 $1 {[%mdl 512]} e5 (28... Rxa7 29. Rxa7) 29. Rxb7 Qxb7 30. f4 exf4 31. Qxf4 Qc6 (31... Rc6 $11) 32. Qc4+ $16 Kg7 33. Ra6 Qd7 34. g4 h6 35. Qe4 Bd6 (35... g5 $16 36. Re6 Rc7) 36. Qf3 $2 ({Only move:} 36. h4 $1 $18 {[%cal Rh4h5] Black must now prevent h5.} Rd8 37. Qf3 (37. h5 gxh5 38. gxh5 Qf7 $18)) 36... Rf8 $11 37. Kg2 Qe7 38. e3 Rf7 39. Qd5 Be5 40. Bxe5 Qxe5 41. Qxe5 fxe5 {[%mdl 4096] Endgame KR-KR} 42. Rd6 e4 43. h3 Rc7 44. Kg3 Rf7 45. Rd5 c4 46. Rc5 Rd7 $1 47. Rxc4 Rxd2 48. Rxe4 Rd1 49. Re7+ Kf6 50. Rh7 {next h4 is good for White.} Rg1+ 51. Kf3 (51. Kf2 $5 {[%cal Rf2g1]} Rc1 52. Rxh6 $16) 51... Rf1+ 52. Ke4 Rg1 53. Kf3 Rf1+ 54. Kg2 Ra1 55. Rxh6 Kg7 56. g5 {Hoping for Rh4.} Ra8 $2 (56... Ra5 $11 {and Black stays safe.} 57. h4 Ra8) 57. e4 $2 (57. Rh4 $1 $18) 57... Re8 $2 {[#]} (57... Ra5 $11 {and Black is okay.} 58. h4 Ra3) 58. Kf3 (58. Rh4 $1 $18) 58... Rf8+ $16 59. Ke3 Rd8 60. h4 ({White should try} 60. Rh4 $16) 60... Re8 (60... Rf8 $1 $14 61. e5 Ra8) 61. h5 gxh5 {[#]} 62. Rxh5 ({White must play} 62. Kf4 $1 $16) 62... Kg6 $11 {The position is equal.} 63. Rh6+ (63. Rh1 {looks sharper.} Kxg5 64. Rg1+ Kf6 65. Rf1+ Ke6 66. Rh1) 63... Kxg5 64. Rd6 Ra8 65. Kd4 Kf4 66. Rf6+ Kg5 67. e5 Ra4+ 68. Kd5 Ra5+ 69. Ke6 Ra6+ 70. Ke7 (70. Kd5 {keeps more tension.} Ra5+) 70... Ra7+ 71. Kf8 {And now Rd6 would win.} Ra5 72. Re6 Kf5 73. Re7 Rxe5 74. Rxe5+ Kxe5 {Precision: White = 38%, Black = 42%.} 1/2-1/2

[Event "22nd OIBM 2018"]
[Site "Gmund am Tegernsee"]
[Date "2018.10.31"]
[Round "5"]
[White "Chanda, Sandipan"]
[Black "Hovhannisyan, Robert"]
[Result "0-1"]
[WhiteElo "2535"]
[BlackElo "2621"]
[Annotator "TA"]
[PlyCount "120"]
[EventDate "2018.10.27"]
[EventType "swiss"]
[EventCountry "GER"]
[SourceTitle "playchess.com"]
[Source "ChessBase"]
[SourceQuality "1"]

{[%evp 19,120,19,19,18,27,15,32,37,35,37,35,37,38,33,35,33,56,63,48,31,60,64,67,65,51,39,22,27,28,18,18,0,0,0,4,0,15,5,8,-22,0,-4,60,39,172,148,208,215,207,204,217,204,208,197,199,189,298,36,118,110,101,117,162,174,187,99,354,332,311,302,0,-239,-311,-283,-272,-281,-263,-11317,-7188,-12741,-9645,-1644,-5181,-1738,-1259,-12833,-12833,-12838,-12839,-12835,-12830,-12841,-12841,-12841,-12842,-12842,-12842,-12843,-12843,-12845,-12846,-12847,-12847]} 1. d4 d5 2. Nf3 Nf6 3. Bf4 c5 4. e3 Nc6 5. Nbd2 Bg4 {[%cal Bc8g4,Bg4h5,Bh5g6][%mdl 32]} 6. c3 e6 7. Qb3 {D02: 1 d4 d5 2 Nf3 sidelines, including 2...Nf6 3 g3 and 2...Nf6 3 Bf4} Qc8 8. Nh4 (8. Ne5 Nxe5 9. Bxe5 c4 10. Qc2 Bf5 11. Qd1 Nd7 12. g4 Bg6 13. Bg3 h5 14. g5 h4 {1-0 (45) Karjakin,S (2783)-Meier,G (2630) chess.com INT 2017}) 8... Qd7 9. h3 Bh5 10. g4 Bg6 {LiveBook: 5 Games} 11. dxc5 Bxc5 12. O-O-O Na5 $146 ({Predecessor:} 12... O-O-O 13. Nxg6 hxg6 14. g5 Ne8 {1-0 (54) Tikkanen,H (2495)-Blomqvist,E (2505) Ronneby 2018}) 13. Qb5 Qxb5 14. Bxb5+ Nc6 $1 15. Nxg6 hxg6 16. g5 Nd7 17. e4 Bxf2 18. exd5 exd5 19. Rhf1 Bc5 20. Rfe1+ Kf8 21. Nb3 Be7 $1 22. Rxd5 Nb6 23. Bxc6 bxc6 24. Rde5 Nd5 25. Bd2 Bd6 26. R5e4 Rxh3 27. Na5 Bg3 28. Rf1 Ne7 $132 {[%mdl 2048] Black has counterplay} 29. c4 {Black must now prevent Bb4.} Bh4 30. Kb1 {And now Bb4 would win.} Nf5 ({Black should try} 30... Rc8 $11) 31. Nxc6 $14 Ng3 (31... f6 $14) 32. Rf3 Bxg5 (32... f6 $16) 33. Bb4+ $18 Kg8 34. Rg4 $1 Bh4 35. Rxh4 $1 Rxh4 36. Ne7+ ({Much less strong is} 36. Rxg3 $6 f6 $16) 36... Kh7 37. Rxg3 f5 (37... Re8 {was necessary.} 38. b3 Kh6) 38. Nxg6 $2 (38. c5 $18) 38... Rg4 ({Black should play} 38... Rxc4 $14 39. Ne7 g5) 39. Rxg4 $16 fxg4 40. Nf4 g3 41. Bd6 $1 Re8 42. c5 $1 {Threatens to win with c6.} Re1+ $2 (42... Kh6 $16) 43. Kc2 $18 g5 44. Ng2 $1 {[%cal Rg2e1]} Re2+ 45. Kb3 $2 (45. Kd3 $11 {and White is okay.} Rxg2 46. c6) 45... Rxg2 $19 {[%mdl 4096] Endgame KR-KB} 46. c6 Rg1 $1 {aiming for ...g2.} 47. c7 Rc1 {...g2 is the strong threat.} 48. Bxg3 $2 (48. Be5 g2 49. Bc3) 48... Kg6 {Black is clearly winning.} 49. Kb4 Kf5 50. Kb5 Ke6 51. Ka6 Kd7 52. Kb7 a5 53. b3 g4 54. Bf4 Rc5 55. Kb6 Rf5 56. Kb7 Rb5+ 57. Ka6 {[#]} Rb4 $1 {[%cal Rb4f4]} 58. Bd6 {[#]} Kc8 $1 59. Kxa5 Rd4 60. Bh2 Rd2 {Precision: White = 59%, Black = 45%.} 0-1

[Event "22nd OIBM 2018"]
[Site "Gmund am Tegernsee"]
[Date "2018.10.31"]
[Round "5"]
[White "Andersson, Ulf"]
[Black "Schuster, Karsten"]
[Result "1/2-1/2"]
[WhiteElo "2530"]
[BlackElo "2283"]
[Annotator "TA"]
[PlyCount "33"]
[EventDate "2018.10.27"]
[EventType "swiss"]
[EventCountry "GER"]
[SourceTitle "playchess.com"]
[Source "ChessBase"]
[SourceQuality "1"]

{[%evp 19,21,0,31,24]} 1. Nf3 d5 2. d4 Nf6 3. c4 c6 4. Qc2 dxc4 5. Qxc4 Bf5 6. g3 e6 7. Bg2 Be7 8. O-O {D23: Queen's Gambit Accepted: 3 Nf3 Nf6 sidelines} O-O 9. e3 (9. Nc3 Nbd7 10. Re1 Rc8 11. e4 Bg4 12. Qb3 b5 13. h3 Bxf3 14. Bxf3 e5 15. dxe5 Nxe5 16. Bg2 Bc5 17. Rd1 Qe7 {½-½ (42) Mamedyarov,S (2820)-Borisek,J (2578) Batumi 2018}) 9... Nbd7 10. Qe2 Ne4 {LiveBook: 61 Games} 11. Rd1 {Predecessor:} Qc7 $146 12. Nfd2 Nxd2 13. Bxd2 e5 14. e4 Be6 15. d5 cxd5 16. exd5 Bf5 17. Nc3 {1-0 (42) Lenderman,A (2611)-Andriasian,Z (2585) chess.com INT 2018} 1/2-1/2

[Event "22nd OIBM 2018"]
[Site "Gmund am Tegernsee"]
[Date "2018.10.31"]
[Round "5"]
[White "Zanan, Evgeny"]
[Black "Nisipeanu, Liviu-Dieter"]
[Result "0-1"]
[WhiteElo "2514"]
[BlackElo "2667"]
[Annotator "TA"]
[PlyCount "82"]
[EventDate "2018.10.27"]
[EventType "swiss"]
[EventCountry "GER"]
[SourceTitle "playchess.com"]
[Source "ChessBase"]
[SourceQuality "1"]

{[%evp 16,82,22,20,20,11,15,0,0,0,20,12,16,0,0,0,1,-31,-39,-51,-44,-46,-41,-42,-41,-53,-56,-58,-54,-49,-54,-56,-64,-40,-40,-43,-32,-100,-123,-102,-97,-518,-149,-135,-149,-131,-140,-172,-171,-178,-175,-148,-123,-121,-131,-559,-556,-528,-353,-371,0,-535,-527,-525,-375,-470,-487,-482,-471]} 1. d4 Nf6 2. c4 e6 3. Nc3 d5 4. cxd5 exd5 5. Bg5 Be7 6. e3 O-O 7. Bd3 h6 8. Bh4 Re8 9. Nge2 {LiveBook: 7 Games. D35: Queen's Gambit Declined: Exchange Variation} b6 10. O-O Bb7 11. f3 {The position is equal.} (11. Bg3 a6 12. Qb3 Nbd7 13. Nf4 Bd6 14. Nfxd5 Nxd5 15. Nxd5 Bxg3 16. fxg3 Nc5 {½-½ (36) Gelfand,B (2703)-Nisipeanu,L (2661) Batumi 2018}) 11... c5 12. Bf2 Na6 $146 {[%cal Bb8a6,Ba6c7,Bc7e6][%mdl 32]} ({Predecessor:} 12... Nbd7 13. Ng3 Bf8 14. Rc1 Rc8 15. Qd2 cxd4 16. exd4 Nb8 17. Nf5 Ba6 {1-0 (46) Beutelhoff,J (2112)-Schroeter,H (1917) Moehnesee 2002}) 13. Ng3 Bf8 14. a3 Nc7 15. Bc2 Rc8 16. e4 cxd4 17. Bxd4 Ne6 18. Bf2 dxe4 19. Ngxe4 Nxe4 20. Bxe4 Bxe4 21. Nxe4 Qxd1 22. Raxd1 Rc2 23. b4 Rec8 24. Rd7 R8c7 25. Rxc7 Nxc7 26. g4 {[#]} (26. h4 $15) 26... Ra2 $1 $17 27. Rc1 Ne6 28. Rc3 $2 {[%mdl 8192]} (28. Rc8 $17 {is tougher.}) 28... Nf4 $2 (28... Ra1+ $19 {is more deadly.} 29. Be1 Rxe1+ 30. Kf2 Ra1) 29. Kf1 Ra1+ 30. Be1 Be7 31. Kf2 Bh4+ 32. Ng3 {[#]} Ra2+ $1 33. Kg1 Kh7 34. Rb3 b5 35. Kh1 $2 {[%mdl 8192]} (35. Nh5 $17 {is more resistant.} Nh3+ 36. Kf1 Bxe1 37. Kxe1) 35... Ra1 $19 36. Re3 {Now Kg1 and White clings on.} Bd8 37. Ne4 Bh4 (37... Nd5 $142 38. Re2 Bb6) 38. Ng3 Bf6 39. Nf1 Nd5 40. Re4 Bc3 41. Bxc3 Nxc3 {Precision: White = 40%, Black = 74%.} 0-1

[Event "22nd OIBM 2018"]
[Site "Gmund am Tegernsee"]
[Date "2018.10.31"]
[Round "5"]
[White "Stefansson, Hannes"]
[Black "Kovalenko, Igor"]
[Result "0-1"]
[WhiteElo "2502"]
[BlackElo "2646"]
[Annotator "TA"]
[PlyCount "95"]
[EventDate "2018.10.27"]
[EventType "swiss"]
[EventCountry "GER"]
[SourceTitle "playchess.com"]
[Source "ChessBase"]
[SourceQuality "1"]

{[%evp 18,95,35,26,40,47,56,56,41,52,70,0,42,35,32,29,58,45,31,0,13,0,0,-35,-33,-25,0,0,0,0,0,0,0,-13,0,0,0,0,0,0,0,-76,-29,-16,-22,-70,-54,-60,-61,-54,-54,-54,-54,-51,-57,-54,-22,-22,-22,-22,-22,-32,-40,-22,-30,-27,-19,-14,-14,-47,0,0,0,-43,-32,-162,-170,-425,-382,-639]} 1. d4 Nf6 2. c4 g6 3. Nf3 Bg7 4. g3 O-O 5. Bg2 d6 6. O-O Nc6 7. Nc3 a6 8. b3 {[%cal Bb2b3,Bb3b4][%mdl 32]} Rb8 9. d5 Na5 {[%cal Bc6a5,Ba5c4,Bc4a3][%mdl 32] E63: King's Indian: Fianchetto: Panno Variation with 7...a6} 10. Bg5 {LiveBook: 36 Games} (10. Bd2 c5 11. dxc6 Nxc6 12. Qc1 Bd7 13. Bh6 b5 14. Bxg7 Kxg7 15. cxb5 axb5 16. Qb2 Kg8 17. b4 Qb6 18. Rfd1 Rfc8 {½-½ (77) Inarkiev,E (2689)-Zhao,J (2604) Riadh 2017}) 10... Bd7 11. Rc1 b5 {White is slightly better.} 12. cxb5 axb5 13. b4 Nc4 14. Nd4 $146 (14. Qb3 $1 $14) ({Predecessor:} 14. Qb3 e6 15. Nd4 h6 16. Bxf6 Qxf6 17. Rfd1 {½-½ (42) Pechoucek,M (1536)-Timar,Z (2212) IECG email 2003}) 14... h6 15. Bxf6 $1 Bxf6 16. e3 Bg7 17. Qe2 Na3 18. Nb3 Rb6 19. Na5 Qa8 20. Rfe1 Rfb8 {[%cal Bf8b8,Bb8b7,Bb7a7][%mdl 32]} 21. Nb3 R8b7 22. Nd4 Ra7 23. h4 h5 24. Kh2 Qc8 25. Qf1 Kf8 26. Kg1 Bf6 27. Kh2 Kg7 28. Qe2 Qe8 29. Bh3 (29. Kg1 $11) 29... c5 30. dxc6 Bxc6 31. Nxc6 Qxc6 32. Bg2 Qc4 33. Nd5 Qxe2 34. Rxe2 Rb8 35. Nxf6 Kxf6 36. Bd5 e6 37. Bb3 Rbb7 38. Rc6 Ke7 39. e4 Kd7 40. Rc3 Rc7 $36 {[%mdl 2048] Black has good play.} 41. Rd3 Ra6 42. f4 Ke7 43. f5 gxf5 44. exf5 e5 {[%cal Be6e5,Be5e4][%mdl 32]} 45. Rf2 Kf6 46. Bd1 ({White should try} 46. Rfd2 $15) 46... e4 $19 47. Rd5 $2 {[#]} (47. Rd4 e3 48. Rg2) 47... Nb1 $1 48. Rfd2 $2 {Precision: White = 52%, Black = 67%.} (48. Rb2 Nc3 49. Rdd2) 0-1

[Event "22nd OIBM 2018"]
[Site "Gmund am Tegernsee"]
[Date "2018.10.31"]
[Round "5"]
[White "Repka, Christopher"]
[Black "Wintzer, Joachim"]
[Result "1-0"]
[WhiteElo "2494"]
[BlackElo "2260"]
[Annotator "TA"]
[PlyCount "63"]
[EventDate "2018.10.27"]
[EventType "swiss"]
[EventCountry "GER"]
[SourceTitle "playchess.com"]
[Source "ChessBase"]
[SourceQuality "1"]

{[%evp 14,62,29,28,69,75,70,70,138,150,144,145,166,149,167,164,170,162,182,193,175,135,139,129,219,226,235,233,379,381,502,502,528,523,567,567,669,656,1202,958,29996,1083,29997,29998,29998,29997,29998,29999,29999,29999,29999]} 1. d4 e6 2. Nf3 f5 3. Bf4 Nf6 4. e3 b6 5. Be2 Bb7 6. O-O {A80: Dutch Defence: Unusual White second moves} Be7 7. c4 (7. h3 O-O 8. c4 Ne4 9. Nfd2 Nxd2 10. Nxd2 d6 11. Bf3 Bxf3 12. Nxf3 Nd7 13. Qa4 a5 {½-½ (30) Shankland,S (2656)-Ivanchuk,V (2733) Edmonton 2015}) 7... O-O 8. Nc3 {LiveBook: 5 Games. White has an edge.} Bb4 $146 ({Predecessor:} 8... d6 9. h3 h6 10. Qb3 Nbd7 11. c5 Nd5 12. cxd6 cxd6 13. Nxd5 Bxd5 {½-½ (24) L'Ami,E (2628)-Pruijssers,R (2507) Amsterdam 2015}) 9. Nb5 $1 {[%cal Rb5c7]} Ne8 10. d5 exd5 (10... c6 $14) 11. cxd5 $16 a6 12. Nxc7 Nxc7 13. Qb3 Bxd5 14. Qxb4 Ne6 15. Bd6 $36 {[%mdl 2048] White is really pushing.} Re8 16. Rfd1 Bb7 17. Bg3 d5 18. Bh4 Qc7 {[#]} (18... a5 $16) 19. Rac1 $1 $18 {[%cal Rc1c7]} Nc6 20. Qb3 Kh8 (20... Rac8 $142 21. Rxd5 Qf7) 21. Qxd5 f4 22. Qh5 h6 23. Bd3 fxe3 24. fxe3 Nf8 25. Ng5 b5 26. Rf1 {Intending Rxf8+! and mate.} Qb6 27. Nf7+ Kg8 {[#]} 28. Nxh6+ $1 {[%mdl 512] White mates.} gxh6 {[#]} 29. Rxf8+ $1 {[%mdl 512]} Rxf8 30. Qg6+ Kh8 31. Bf6+ Rxf6 32. Qh7# {Precision: White = 85%, Black = 44%.} 1-0